Aprender en contexto. Claves para el diseño de situaciones de aprendizaje.

Bewaard in:
Bibliografische gegevens
Hoofdauteur: Diánez Muñoz, Alberto (autor)
Andere auteurs: López Ramos, Alberto (autor)
Formaat: Onbekend
Gepubliceerd in: España: SM, 2022.
Reeks:Biblioteca Innovación Educativa
Onderwerpen:
Tags: Voeg label toe
Geen labels, Wees de eerste die dit record labelt!

MARC

LEADER 00000 a2200000 4500
003 CL-VaPUC
005 20240409100545.0
008 240404t2022 ||||| |||| 00| 0 eng d
999 |c 443239  |d 443237 
020 |a 978-84-112-0819-2 
040 |c Pontificia Universidad Católica de Valparaíso 
082 7 |2 22  |a 370.71 DIA 2022 
100 |a Diánez Muñoz, Alberto  |9 887813  |e autor 
245 |a Aprender en contexto.  |b Claves para el diseño de situaciones de aprendizaje. 
260 |b SM,  |c 2022.  |a España: 
300 |a 244 páginas. 
490 |a Biblioteca Innovación Educativa 
583 |k GC  |c 20240404 
650 0 |9 355029  |a Aprendizaje activo  |v Evaluación  |v Didáctica 
650 0 |9 888225  |a Aprendizaje por experiencia  |v Didáctica 
650 0 |9 861067  |a Aprendizaje basado en problemas   |v Didáctica 
650 0 |9 888188  |a Ambiente escolar 
700 |9 311811  |a López Ramos, Alberto  |e autor 
942 |2 ddc  |c BK 
952 |0 0  |1 0  |2 ddc  |4 0  |6 370_710000000000000_DIA_2022  |7 0  |8 A  |9 593720  |a BIBHIS  |b BIBHIS  |d 2024-03-19  |e 52  |g 26373.00  |i 5660394  |l 6  |m 1  |o 370.71 DIA 2022  |p 5660394  |r 2025-01-30  |s 2025-01-02  |t 1  |v 26373.00  |w 2024-03-19  |y BK  |k HIS 
952 |0 0  |1 0  |2 ddc  |4 0  |6 370_710000000000000_DIA_2022  |7 0  |8 A  |9 596537  |a BIBHIS  |b BIBHIS  |d 2024-09-02  |e 41  |g 35522.50  |i 5662596  |l 1  |o 370.71 DIA 2022  |p 5662596  |r 2024-12-11  |s 2024-12-04  |t 3  |v 35522.50  |w 2024-09-02  |y BK  |k HIS 
952 |0 0  |1 0  |2 ddc  |4 0  |6 370_710000000000000_DIA_2022  |7 0  |8 A  |9 596538  |a BIBHIS  |b BIBHIS  |d 2024-09-02  |e 41  |g 35522.50  |i 5662595  |o 370.71 DIA 2022  |p 5662595  |r 2024-09-02  |t 2  |v 35522.50  |w 2024-09-02  |y BK  |k HIS